[Event "Rheinland Pfalz op 4th"]
[Site "Altenkirchen"]
[Date "2012.06.10"]
[Round "7"]
[White "Schaefer, Wolfgang"]
[Black "Fuselbach, Nico"]
[Result "1-0"]
[WhiteElo "1654"]
[BlackElo "1330"]
[PlyCount "33"]
[EventDate "2012.06.07"]
[EventType "swiss"]
[EventRounds "7"]
[EventCountry "GER"]
[SourceTitle "CBM 148 Extra"]
[Source "ChessBase"]
[SourceDate "2012.06.22"]
[SourceVersion "1"]
[SourceVersionDate "2012.06.22"]
[SourceQuality "1"]

1. e4 e5 2. d4 exd4 3. Qxd4 Nc6 4. Qe3 Nf6 5. Nc3 Bb4 6. Bd2 0-0 7. 0-0-0 d6 8. h3 Re8 9. Bc4 Bxc3 10. Bxc3 Rxe4 11. Bxf6 Qe8 12. Qg3 g6 13. Nf3 Rxc4 14. Rhe1 Be6 15. Bc3 Qd7 16. Qg5 Kf8 17. Qf6 1-0

[Event "SVR-op 35th"]
[Site "Nickenich"]
[Date "2012.04.07"]
[Round "7"]
[White "Fuselbach, Nico"]
[Black "Damke, Boris"]
[Result "0-1"]
[WhiteElo "1130"]
[BlackElo "1825"]
[PlyCount "103"]
[EventDate "2012.03.30"]
[EventType "swiss"]
[EventRounds "7"]
[EventCountry "GER"]
[SourceTitle "EXT 2013"]
[Source "ChessBase"]
[SourceDate "2012.11.22"]
[SourceVersion "1"]
[SourceVersionDate "2012.11.22"]
[SourceQuality "1"]

1. e4 d5 2. exd5 Qxd5 3. Nc3 Qa5 4. d3 c6 5. Nf3 Bg4 6. Be2 Nf6 7. 0-0 e6 8. Bd2 Qc7 9. h3 Bh5 10. Re1 Be7 11. Bg5 Nbd7 12. d4 Qa5 13. Ne5 Bg6 14. Nxd7 Qxg5 15. Ne5 0-0 16. Bf3 Rad8 17. Nxg6 hxg6 18. Re5 Qh6 19. Ne4 Nxe4 20. Bxe4 Bf6 21. Ra5 Bxd4 22. Qf3 Bb6 23. Ra4 Rd7 24. Qg3 Qh5 25. Bd3 Qd5 26. Rh4 Bc7 27. Qg4 Bd8 28. Bc4 Qd6 29. Qf4 Bxh4 30. Qxh4 Qd4 31. Qxd4 Rxd4 32. b3 Rfd8 33. Bd3 f5 34. Re1 Kf7 35. Kh2 Kf6 36. Bc4 e5 37. c3 Rd2 38. f3 Rxa2 39. f4 e4 40. Kg1 Rdd2 41. g4 Rg2+ 42. Kh1 Rh2+ 43. Kg1 Rxh3 44. Bg8 Rxc3 45. g5+ Ke7 46. Rd1 Rd3 47. Re1 b5 48. Bh7 Kf7 49. b4 Rad2 50. Bxg6+ Kxg6 51. Kf1 e3 52. Re2 0-1